Kvalitativní faktory stárnutí populace
Okrem financovania starobných dôchodkov a zdravotných a sociálnych služieb je dôležité zabezpečiť, aby po odchode do starobného dôchodku životná úroveň seniorov nebola ohrozená, aby žili v zdraví a bezpečnosti a mali zodpovedajúcu starostlivosť. Možnosti zvyšovania dôchodkového veku z hľadiska zdrav...
Salvato in:
| Autore principale: | |
|---|---|
| Altri autori: | |
| Natura: | Capitolo di libro |
| Lingua: | ceco |
| Soggetti: | |
| Tags: |
Nessun Tag, puoi essere il primo ad aggiungerne!!
|
MARC
| LEADER | 00000naa a2200000 4500 | ||
|---|---|---|---|
| 001 | 0254332 | ||
| 005 | 20190528111753.1 | ||
| 041 | 0 | |a cze | |
| 044 | |a CZ | ||
| 245 | 1 | 0 | |a Kvalitativní faktory stárnutí populace |c Martina Šimková, Jitka Langhamrová |
| 520 | |a Okrem financovania starobných dôchodkov a zdravotných a sociálnych služieb je dôležité zabezpečiť, aby po odchode do starobného dôchodku životná úroveň seniorov nebola ohrozená, aby žili v zdraví a bezpečnosti a mali zodpovedajúcu starostlivosť. Možnosti zvyšovania dôchodkového veku z hľadiska zdravia. Uspokojovanie spotrebných nárokov seniorov. Zabezpečenie kvalitnej starostlivosti o starých občanov. Seniori ako obete trestného činu. | ||
| 610 | 2 | 0 | |a starnutie populácie |
| 610 | 2 | 0 | |a seniori |
| 610 | 2 | 0 | |a dôchodcovia |
| 610 | 2 | 0 | |a úroveň životná |
| 610 | 2 | 0 | |a spotreba |
| 610 | 2 | 0 | |a starostlivosť sociálna |
| 610 | 2 | 0 | |a starostlivosť zdravotná |
| 610 | 2 | 0 | |a služby sociálne |
| 610 | 2 | 0 | |a kriminalita |
| 610 | 2 | 0 | |a činy trestné |
| 100 | 1 | |a Šimková, Martina | |
| 700 | 1 | |a Langhamrová, Jitka | |